000 00354nam a2200145Ia 4500
008 260319s9999 xx 000 0 und d
020 _a9.789388717e+012
082 _a621.382
_bPGE/I
100 _aP,Geetharani
245 0 _aIOT & Wireless Sensor Networks
250 _a1st Ed.
260 _aNew Delhi
_bMedtech
_c2025
300 _a115p.
942 _cBK
999 _c51102
_d51102